1734 1938 1589 1624 1453 1937 1535 1519 1175 1355 1625 1104 1348 1810 1492 1254 1043 1542 1120 1932 1689 1168 1398 1045 1607 1157 1494 1896 1255 1348 1087 1973 1794 1764 1680 1487 1563 1593 1342 1535 1039 1181 1954 1376 1782 1957 1325 1000 1442 1033 1458 1491 1175 1983 1723 1467 1210 1295 1725 1373 1394 1375 1257 1839 1138 1822 1392 1619 1397 1085 1118 1882 1201 1493 1848 1431 1196 1962 1180 1153 1672 1917 1288 1632 1136 1805 1271 1584 1863 1398 1945 1952 1635 1594 1713 1135 1722 1449 1587 BCNSPRNW ULIB Ver.6.0+V

เปลี่ยนเป็นภาษาไทย

Change to English
 แสดงรายละเอียดบรรณานุกรม
  กลับหน้าหลัก

Brief Record : Get Marc (ISO 2709) : E-mail record : QR code < ปิดหน้าต่าง
LEADER : 00000nam 2200000uu 4500
001    13399111514
003     ULIB
008    110629s2552||||th 000 0 tha d
020    9789741623167(ล.6)
060 04 QV55^bจ527ค ล.6 2552
100 0  จิรัชฌา อุดมชัยสกุล
245 10 คู่มือร้านยา :^bโรคและยาระบบหายใจ /^cเรียบเรียงโดย จิรัชฌา อุดมชัยสกุล
246 30 โรคและยาระบบหายใจ
250    พิมพ์ครั้งที่ 1
260    กรุงเทพฯ :^bศิษฎิกร,^c2552
300    248 หน้า :^bภาพประกอบ ;^c21 ซม.
650  7 ระบบหายใจ^xโรค^xการรักษาด้วยยา
650  7 ยา^vคู่มือ
945    ^p290^l0^i17727
945    ^p290^l0^i17729
995    กัณชพร
999    ^aใช้งานได้ทุกระบบ
รายการนี้ยังไม่มีแท็ก
คุณยังไม่ได้ล็อกอิน คุณสามารถมีกิจกรรมร่วมกับเว็บไซต์ได้ แต่ต้องล็อกอินก่อน ::
  ล็อกอิน

รายการสื่อสารสนเทศ

ลำดับที่ ประเภท เลขเรียก/บาร์โค้ด สถานที่ สถานะ
- ไม่พบข้อมูล -

รายการใกล้เคียง
    ผู้แต่ง [จิรัชฌา อุดมชัยสกุล]

BibComment


ยังไม่เคยถูกคอมเมนท์

คอมเมนท์ทรัพยากรรายการนี้
  คอมเมนท์: คู่มือร้านยา โรค..


 Copyright 2026. Bcnsprnw @Library